000 01378nam a2200337 i 4500
001 768714001
003 CO-MdFUSB
005 20220810121035.0
007 ta
008 220523t1994 -us |||| |||| 00| 0 spa d
020 _a0881132179
040 _aCO-MdFUSB
_bspa
_cCO-MdFUSB
_dCO-MdFUSBC
_erda
041 _aspa
082 _223
_a232.4
_bH663
100 _aHinn, Benny
_eautor
240 _aThe blood
245 1 3 _aLa sangre :
_bsu poder desde Génesis a Jesucristo y hasta nosotros
_c/ Benny Hinn ; traductor Miguel Mesías
264 1 _aEstados Unidos :
_bBetania,
_c[1994]
264 4 _c© 1994
300 _a191 páginas
_c; 21 cm
336 _2rdacontent
_atexto
_btxt
337 _2rdamedia
_asin mediación
_bn
338 _2rdacarrier
_avolumen
_bnc
505 _aPoder y promesa. -- Desde el principio. -- La cobertura. -- Un pacto eterno. -- La promesa de protección. -- La sangre aplicada. -- Limpiamiento del leproso. -- Transformado por el poder . -- ungido pde la cabeza a los pies. -- Su pasado sepultado. -- Comprado por precio. -- Nuestro mediador. -- Sublime gracia. -- La mano del padre. -- Su nueva familia. -- El gran sello. -- La comunión en la comunión.
563 _aRústico
600 0 7 _aJesucristo
_xDivinidad
650 0 _951
_aVida espiritual
700 _aMesías, Miguel A.,‏
_etraductor
_96113
942 _cBK
945 _aJTF-925
999 _c67894
_d67894